000 00667nam a2200205Ia 4500
003 IN-BaIIA
008 211028s9999 xx 000 0 eng d
020 _a978-0-12-200681-4
040 _cIIA Library
080 _a530.12
_bDAL
100 _aDalarsson, M.
_929462
245 0 _aTensor calculus, relativity, and cosmology
_ba first course
_cM. Dalarsson and N. Dalarsson
260 _aAmsterdam
_bElsevier
_c2005
300 _axi, 280p.
650 _aFluid dynamics
_91512
650 _aGeophysics - fluid models
_929463
650 _aGeophysics - mathematics
_929464
700 _aDalarsson, N.
_929465
942 _cBK
999 _c15956
_d15956